[Event "Ricany op"]
[Site "Ricany"]
[Date "2023.09.02"]
[Round "9"]
[White "Smolik, Jachym"]
[Black "Vojta, Jakub"]
[Result "1/2-1/2"]
[WhiteElo "2340"]
[BlackElo "2288"]
[PlyCount "30"]
[EventDate "2023.08.26"]
[EventType "swiss"]
[EventRounds "9"]
[EventCountry "CZE"]
[SourceTitle "EXT 2024"]
[Source "ChessBase"]
[SourceDate "2023.10.10"]
[SourceVersion "1"]
[SourceVersionDate "2023.10.10"]
[SourceQuality "1"]

1. d4 d5 2. c4 dxc4 3. Nf3 Nf6 4. e3 e6 5. Bxc4 c5 6. 0-0 a6 7. Qe2 Be7 8. Rd1 cxd4 9. exd4 b5 10. Bb3 0-0 11. Ne5 Bb7 12. Nc3 Nd5 13. Re1 Nxc3 14. bxc3 Bd5 15. Bc2 Nd7 1/2-1/2

[Event "Ricany op"]
[Site "Ricany"]
[Date "2023.09.01"]
[Round "8"]
[White "Taborsky, Rostislav"]
[Black "Smolik, Jachym"]
[Result "1/2-1/2"]
[WhiteElo "2153"]
[BlackElo "2340"]
[PlyCount "146"]
[EventDate "2023.08.26"]
[EventType "swiss"]
[EventRounds "9"]
[EventCountry "CZE"]
[SourceTitle "EXT 2024"]
[Source "ChessBase"]
[SourceDate "2023.10.10"]
[SourceVersion "1"]
[SourceVersionDate "2023.10.10"]
[SourceQuality "1"]

1. c4 Nf6 2. Nc3 e5 3. Nf3 Nc6 4. a3 d5 5. cxd5 Nxd5 6. Qc2 Be7 7. e3 0-0 8. Nxd5 Qxd5 9. Bc4 Qd6 10. b4 a6 11. Bb2 Kh8 12. 0-0 Bg4 13. Be2 f5 14. d3 Rae8 15. Rac1 Bf6 16. Rfd1 f4 17. h3 Bh5 18. e4 Bf7 19. Bc3 Rc8 20. Qb2 Rfd8 21. Rc2 g5 22. Rcd2 Nd4 23. Bxd4 exd4 24. e5 Bxe5 25. Nxg5 Bd5 26. Bf3 Rg8 27. Ne4 Bxe4 28. Bxe4 Rcf8 29. Bf3 Rf5 30. Re2 Rfg5 31. Kf1 Qd7 32. Re4 Qg7 33. Ke2 b6 34. Qc2 Bd6 35. Qc4 c5 36. Re1 b5 37. Qb3 Qc7 38. Rc1 Qd7 39. Qe6 Qd8 40. Qb3 Qf8 41. bxc5 Rxc5 42. Rxc5 Bxc5 43. a4 bxa4 44. Qxa4 Qb8 45. Qa2 Qb4 46. Re5 a5 47. Bd5 Rb8 48. Bc4 a4 49. Kf3 a3 50. Qe2 Rf8 51. Re8 Qb7+ 52. Qe4 Qxe4+ 53. Rxe4 Rb8 54. Kxf4 Rb2 55. Re8+ Kg7 56. Kf3 Bb4 57. g4 h6 58. Ra8 Be1 59. Rxa3 Rxf2+ 60. Ke4 Rh2 61. Ra7+ Kg6 62. Ra6+ Kg7 63. Ra7+ Kg6 64. Ra6+ Kg7 65. Kxd4 Rxh3 66. Ke4 Bf2 67. Ra2 Bb6 68. Rb2 Bg1 69. Kf4 Kf6 70. Rb7 Bh2+ 71. Ke4 Rg3 72. Rf7+ Kg6 73. Be6 Rxg4+ 1/2-1/2

[Event "Ricany op"]
[Site "Ricany"]
[Date "2023.08.29"]
[Round "5"]
[White "Smolik, Jachym"]
[Black "Bezdek, Tomas"]
[Result "1-0"]
[WhiteElo "2340"]
[BlackElo "2136"]
[PlyCount "81"]
[EventDate "2023.08.26"]
[EventType "swiss"]
[EventRounds "9"]
[EventCountry "CZE"]
[SourceTitle "EXT 2024"]
[Source "ChessBase"]
[SourceDate "2023.10.10"]
[SourceVersion "1"]
[SourceVersionDate "2023.10.10"]
[SourceQuality "1"]

1. d4 Nf6 2. c4 e6 3. Nc3 Bb4 4. e3 0-0 5. Bd3 d5 6. Nf3 dxc4 7. Bxc4 b6 8. a3 Be7 9. Qe2 c5 10. 0-0 Bb7 11. Rd1 Nbd7 12. b3 Qc7 13. Bb2 Ne4 14. Nb5 Qc8 15. Ne5 Nxe5 16. dxe5 Qc6 17. f3 a6 18. Bd3 Qc8 19. Bxe4 Bxe4 20. Nd6 Bxd6 21. exd6 Bd5 22. Qd3 Qd7 23. e4 Bb7 24. a4 f5 25. Re1 fxe4 26. fxe4 Rf4 27. Be5 Rf7 28. h4 Qe8 29. h5 h6 30. Qg3 b5 31. Qg4 Qd7 32. Re3 Rc8 33. axb5 axb5 34. Rc1 c4 35. b4 Ra8 36. Rg3 Bc6 37. Kh2 Ra2 38. Re1 Raf2 39. Qg6 Qd8 40. Bxg7 Qh4+ 41. Kg1 1-0

[Event "Pardubice Czech op-E 34th"]
[Site "Pardubice"]
[Date "2023.07.15"]
[Round "5"]
[White "Skypala, Ondrej"]
[Black "Smolik, Jachym"]
[Result "0-1"]
[WhiteElo "2163"]
[BlackElo "2339"]
[PlyCount "66"]
[EventDate "2023.07.13"]
[EventType "team-swiss"]
[EventRounds "7"]
[EventCountry "CZE"]
[SourceTitle "CBM 215 Extra"]
[Source "ChessBase"]
[SourceDate "2023.09.30"]
[SourceVersion "1"]
[SourceVersionDate "2023.09.30"]
[SourceQuality "1"]
[WhiteTeam "Kobylisy II"]
[BlackTeam "Ricany 1925"]
[WhiteTeamCountry "CZE"]
[BlackTeamCountry "CZE"]

1. c4 e6 2. e4 c5 3. Nc3 Nc6 4. g3 Nge7 5. Bg2 Nd4 6. Nge2 Nec6 7. 0-0 Be7 8. d3 a6 9. Nxd4 cxd4 10. Ne2 e5 11. f4 d6 12. Bd2 0-0 13. b4 b5 14. cxb5 axb5 15. a4 bxa4 16. Rxa4 Bg4 17. Bf3 Bd7 18. Rxa8 Qxa8 19. Qb3 Be6 20. Qb2 Rb8 21. Ra1 Qb7 22. Nc1 f6 23. f5 Bf7 24. Bd1 d5 25. b5 dxe4 26. dxe4 Qxb5 27. Qxb5 Rxb5 28. Ba4 Rb2 29. Be1 Nb4 30. Bd7 g6 31. Ra8+ Kg7 32. Ra7 d3 33. Bxb4 d2 0-1

[Event "CZE-ch U20"]
[Site "Jaromerice nad Rokytnou"]
[Date "2023.03.14"]
[Round "6"]
[White "Smolik, Jachym"]
[Black "Mica, Marek"]
[Result "1-0"]
[WhiteElo "2297"]
[BlackElo "2248"]
[PlyCount "151"]
[EventDate "2023.03.10"]
[EventType "tourn"]
[EventRounds "11"]
[EventCountry "CZE"]
[SourceTitle "CBM 213 Extra"]
[Source "ChessBase"]
[SourceDate "2023.05.31"]
[SourceVersion "1"]
[SourceVersionDate "2023.05.31"]
[SourceQuality "1"]

1. e4 c5 2. Nf3 d6 3. d4 cxd4 4. Qxd4 Nc6 5. Qe3 g6 6. Be2 Bg7 7. 0-0 Nf6 8. h3 0-0 9. Rd1 Nd7 10. Nc3 b6 11. Rb1 Bb7 12. Nd5 Nc5 13. b4 Nd7 14. c4 Rc8 15. a4 a5 16. b5 Nce5 17. Nxe5 Bxe5 18. f4 Bg7 19. Ba3 Nc5 20. e5 Bxd5 21. Rxd5 Nxa4 22. Rbd1 Re8 23. Qf3 Qd7 24. Qb3 Nc5 25. Bxc5 Rxc5 26. Rxc5 bxc5 27. Bf3 Rb8 28. Qa3 Qc7 29. exd6 exd6 30. Bd5 Bd4+ 31. Kh2 Qd8 32. Re1 Kf8 33. Re2 Qf6 34. Qxa5 Qxf4+ 35. g3 Qf1 36. Qe1 Qxe1 37. Rxe1 Bc3 38. Re3 Ba5 39. Rf3 f5 40. g4 Kg7 41. gxf5 Rf8 42. Ra3 Bb6 43. fxg6 Kxg6 44. Re3 Kg5 45. Kg3 Bd8 46. Re6 h5 47. Kg2 Bf6 48. b6 Bd4 49. Re2 Bc3 50. Ra2 Kh4 51. b7 Bd4 52. Re2 Kg5 53. Ra2 Kh4 54. Rd2 Kg5 55. Re2 Kh4 56. Re4+ Kg5 57. h4+ Kf5 58. Re7 Kg4 59. Rf7 Re8 60. Be6+ Kxh4 61. Bc8 Re2+ 62. Kf3 Rb2 63. Ke4 Kg3 64. Rf3+ Kg2 65. Ra3 Bf2 66. Kd5 h4 67. Ra8 h3 68. Bxh3+ Kxh3 69. b8Q Rxb8 70. Rxb8 Kg4 71. Rf8 Bd4 72. Kxd6 Kg5 73. Rc8 Kf6 74. Rxc5 Kf7 75. Rd5 Bg1 76. Kd7 1-0

[Event "CZE-chT1W 2223"]
[Site "Czech Republic"]
[Date "2023.01.29"]
[Round "7.4"]
[White "Smolik, Jachym"]
[Black "Hlavina, Matous"]
[Result "1/2-1/2"]
[WhiteElo "2213"]
[BlackElo "2105"]
[PlyCount "87"]
[EventDate "2022.10.09"]
[EventType "team-tourn"]
[EventRounds "11"]
[EventCountry "CZE"]
[SourceTitle "CBM 213 Extra"]
[Source "ChessBase"]
[SourceDate "2023.05.31"]
[SourceVersion "1"]
[SourceVersionDate "2023.05.31"]
[SourceQuality "1"]
[WhiteTeam "Ricany Betsys"]
[BlackTeam "Ricany Betsys II"]
[WhiteTeamCountry "CZE"]
[BlackTeamCountry "CZE"]

1. c4 e6 2. Nc3 d5 3. d4 Nf6 4. Nf3 Be7 5. cxd5 exd5 6. Bf4 Bf5 7. e3 c6 8. Nh4 Bg6 9. Nxg6 hxg6 10. Bd3 Nbd7 11. h3 Nf8 12. 0-0 Ne6 13. Be5 Nd7 14. Bh2 Nf6 15. Qe2 0-0 16. Rad1 Re8 17. Be5 Nd7 18. f4 Nxe5 19. fxe5 Bb4 20. a3 Ba5 21. Rf3 Rf8 22. b4 Bb6 23. Bb1 a5 24. Qf2 Qe7 25. Na4 Bc7 26. Nc5 b6 27. Nxe6 Qxe6 28. h4 axb4 29. axb4 Bd8 30. Rf1 Be7 31. b5 c5 32. h5 gxh5 33. Bf5 Qh6 34. Bd7 Qg6 35. Bc6 Rad8 36. Qa2 Qe4 37. Rf4 Qxe3+ 38. Kh1 Bg5 39. Rxf7 Rxf7 40. Bxd5 Rxd5 41. Qxd5 Bf4 42. e6 Re7 43. Qd8+ Kh7 44. Qxe7 1/2-1/2

[Event "Pardubice Czech op-A 33rd"]
[Site "Pardubice"]
[Date "2022.07.28"]
[Round "7"]
[White "Smolik, Jachym"]
[Black "Plat, Vojtech"]
[Result "0-1"]
[WhiteElo "2291"]
[BlackElo "2554"]
[PlyCount "102"]
[EventDate "2022.07.22"]
[EventType "swiss"]
[EventRounds "9"]
[EventCountry "CZE"]
[SourceTitle "CBM 209 Extra"]
[Source "ChessBase"]
[SourceDate "2022.09.30"]
[SourceVersion "1"]
[SourceVersionDate "2022.09.30"]
[SourceQuality "1"]

1. d4 g6 2. e4 Bg7 3. Be3 c5 4. Nc3 cxd4 5. Bxd4 Nf6 6. e5 Nh5 7. Nge2 f6 8. f4 fxe5 9. fxe5 0-0 10. Qd2 e6 11. 0-0-0 Nc6 12. Bc5 Nxe5 13. Bxf8 Qxf8 14. Qd6 Ng4 15. Ne4 Qxd6 16. Rxd6 Bf8 17. Rd4 d5 18. h3 Ne3 19. Nd2 e5 20. Rd3 Bh6 21. g4 Nf6 22. Kb1 e4 23. Rd4 Be6 24. Nc3 Bg7 25. Nb3 h5 26. Be2 hxg4 27. hxg4 Nfxg4 28. Rb4 b6 29. Nb5 Bd7 30. N3d4 Be5 31. c3 a6 32. Na3 b5 33. Nac2 Bd6 34. Bxg4 Nxg4 35. Rb3 Ne5 36. Nb4 Nc4 37. Rd1 Bxb4 38. Rxb4 Rf8 39. a4 a5 40. Rb3 b4 41. Nb5 e3 42. Ka2 e2 43. Re1 Bg4 44. Nd4 Rf1 45. Nc2 Ne3 46. Rxe2 Bxe2 47. Nxe3 Rf3 48. cxb4 axb4 49. a5 d4 50. Nc2 Bc4 51. Nxd4 Rd3 0-1

[Event "CZE-ch"]
[Site "Usti nad Labem"]
[Date "2022.05.22"]
[Round "9"]
[White "Stinka, Jakub"]
[Black "Smolik, Jachym"]
[Result "1-0"]
[WhiteElo "2345"]
[BlackElo "2272"]
[PlyCount "69"]
[EventDate "2022.05.14"]
[EventType "swiss"]
[EventRounds "9"]
[EventCountry "CZE"]
[SourceTitle "CBM 208 Extra"]
[Source "ChessBase"]
[SourceDate "2022.07.31"]
[SourceVersion "1"]
[SourceVersionDate "2022.07.31"]
[SourceQuality "1"]

1. d4 Nf6 2. c4 e6 3. Nf3 b6 4. a3 Bb7 5. Nc3 d5 6. cxd5 Nxd5 7. e3 Be7 8. Bb5+ c6 9. Bd3 0-0 10. Qc2 h6 11. e4 Nxc3 12. bxc3 c5 13. 0-0 Qc7 14. Qe2 cxd4 15. cxd4 Nd7 16. Bb2 Rac8 17. Rad1 Rfd8 18. Nd2 Nf8 19. f4 Qd7 20. Qg4 Bxa3 21. Ba1 f6 22. Qg3 Be7 23. Nf3 Bc6 24. d5 exd5 25. e5 Bc5+ 26. Kh1 d4 27. exf6 Bxf3 28. Rxf3 Rc7 29. Qh4 Qd6 30. Rg3 Kh8 31. Rxg7 Rxg7 32. Qxh6+ Rh7 33. Bxh7 Qc7 34. Bg6+ Nh7 35. f7 1-0